Cities Found in More than One Country - Statistics

General Stats
  • This quiz has been taken 648 times
  • The average score is 9 of 25
Answer Stats
Countries City % Correct
Netherlands (North Holland) – USA (New York) Amsterdam
62%
USA (Tennessee) – Ancient Egypt ;) Memphis
59%
France (Île-de-France) – USA (Texas) Paris
59%
Jamaica – Australia (Norfolk Island) – Canada (Ontario) Kingston
58%
UK (England) – Canada (Ontario) London
56%
Libya – Lebanon Tripoli
54%
UK (Scotland) – USA (South Dakota) Aberdeen
52%
Ukraine – USA (Texas) Odessa
47%
Malaysia (Pinang) – Australia (Tasmania) George Town
40%
Guyana – Gambia – Australia (Queensland) Georgetown
40%
Australia (New South Wales) – Canada (Nova Scotia) Sydney
39%
Morocco – Malta Rabat
37%
Belarus – France (Brittany) Brest
34%
Italy (Sicily) – USA (New York) Syracuse
31%
Barbados – Australia (Western Australia) Bridgetown
29%
USA (Oregon, Massachusetts) – India (Tamil Nādu) – Sweden (Stockholms län) Salem
29%
Antigua and Barbuda – Canada (Newfoundland) St. John's
28%
India (Andhra Pradesh) – Pakistan (Sindh) Hyderābād
27%
UK (Northern Ireland, Wales) – USA (Maine) Bangor
24%
China (Guangdong) – USA (Ohio) Canton
24%
UK (England) – USA (Pennsylvania) – Australia (Western Australia) York
19%
Belgium (Walloon Brabant) – USA (Iowa) Waterloo
11%
Ireland (Meath) – Russia (Omskaya Oblast') – Japan (Saga) Tara
1%
Thailand (Yala) – Sri Lanka Yala
1%
Mongolia (Bulgan) – Democratic Republic of the Congo (Bandundu) Selenge
0%
No matching quizzes found
Score Distribution
Percent of People with Each Score
Percentile by Number Answered
Your Score History
You have not taken this quiz